چل مد ينے کی طر ف (Record no. 103038)

MARC details
000 -LEADER
fixed length control field 00806nam a22002297a 4500
005 - DATE AND TIME OF LATEST TRANSACTION
control field 20171118155248.0
008 - FIXED-LENGTH DATA ELEMENTS--GENERAL INFORMATION
fixed length control field 090109t xxu||||| |||| 00| 0urd d
010 ## - LCCN (DPL NO)
LC control number UR-9470
020 ## - INTERNATIONAL STANDARD BOOK NUMBER
Terms of availability 200.00
International Standard Book Number 9789350737613
035 ## - SYSTEM CONTROL NUMBER
System control number U-8025
037 ## - SOURCE OF ACQUISITION
Source of stock number/acquisition DBAD/PUB
040 ## - CATALOGING SOURCE
Original cataloging agency DPL
Language of cataloging urdu
082 ## - DEWEY DECIMAL CLASSIFICATION NUMBER
Classification number 841
100 ## - MAIN ENTRY--PERSONAL NAME
Personal name ہنر ر سو ل پو ر ی
245 ## - TITLE STATEMENT
Title چل مد ينے کی طر ف
Statement of responsibility, etc ہنر ر سو ل پو ر ی
246 ## - VARYING FORM OF TITLE
Title proper/short title Dafeena Pahar ka(poetry)
Remainder of title By Meraj Ahmad Meraj
260 ## - PUBLICATION, DISTRIBUTION, ETC. (IMPRINT)
Place of publication, distribution, etc Delhi
Name of publisher, distributor, etc Educational Publishing House
Date of publication, distribution, etc 2016
270 ## - ADDRESS
Address 3191,Vakil Street, Kucha Pandit, Lal Kuan,
City Delhi
Postal code 110006
Telephone number 23216162
300 ## - PHYSICAL DESCRIPTION
Extent 160ص
Dimensions 22 cm(hb)
700 ## - ADDED ENTRY--PERSONAL NAME
9 (RLIN) 54088
Personal name تر تیب و تہز یب : محمد فہیم ا ختر ند و ی
942 ## - ADDED ENTRY ELEMENTS (KOHA)
Source of classification or shelving scheme Dewey Decimal Classification
Item type Urdu Bks
Classification part 841
Call number suffix ہ ن ر

No items available.


© Delhi Public Library
Hit Counter
free hit counter